000 00859nas a2200301 4500
001 BR0205025
003 BR-BrBNA
005 20231205103303.0
007 ta
008 230509b bl.|||p| |||| 00| 00por d
040 _aBR-BrBNA
_bpor
_cBiblioteca Nacional de Agricultura
041 _a(En)
072 _aF30; F01
100 1 _aLopes, A.C. de A.
100 1 _aVello, N.A.
100 1 _aPandini, F.
245 1 _aSeed yield combining ability among soybean genotypes in two locations
650 _aSOJA
650 _aGENÓTIPO
650 _aRENDIMENTO
650 _aGRÃO
650 _aPRODUTIVIDADE
650 _aMÉTODO
650 _aCRUZAMENTO
773 0 _tCrop Breeding and Applied Biotechnology (Brazil)
_xISSN 1518-7853
_g(Sep 2001), v. 1(3) p. 221-228
_wBR0205025
909 _a202311
_bLúcia
_c55
_dLúcia Elande
942 _2AGRIS
_n0
_cANA
999 _c172080
_d172080